|
|
|
|
| LEADER |
00000cam a2200000 7i4500 |
| 001 |
0000003080 |
| 005 |
20040515.0 |
| 020 |
0 |
0 |
|a 9831000129
|
| 090 |
0 |
0 |
|a R615.85209595121
|b WER 2002
|
| 100 |
1 |
0 |
|a WERNER
|h Roland
|c 1925-
|
| 245 |
1 |
0 |
|a Royal healer :
|b the legacy of Nik Abdul Rahman bin Hj. Nik Dir of Kelantan
|c Roland Werner
|
| 260 |
0 |
0 |
|a Kuala Lumpur :
|b University of Malaya Press ,
|c 2002
|
| 300 |
|
|
|a xxvii, 763 p. :
|b ill., maps ;
|c 28 cm.
|
| 440 |
0 |
0 |
|a Preservation of culture and recording of traditions series. Culture of healing in Malaysia. Malay culture of healing sub-series ; v. 1
|
| 500 |
0 |
0 |
|a Includes bibliographical references : (p. [761]-763)
|
| 650 |
0 |
0 |
|a Healer
|z Kelantan
|
| 650 |
0 |
0 |
|a Healing
|x Religious aspects
|x Islam
|
| 650 |
0 |
0 |
|a Holistic medicine
|z Malaysia
|
| 650 |
0 |
0 |
|a Spiritual healing
|z Malaysia
|
| 998 |
|
|
|a JPSM
|
| 999 |
|
|
|a 0000005510
|b Monograph
|c Reference
|e Default branch
|